| 000 | 00643nam a2200193Ia 4500 | ||
|---|---|---|---|
| 003 | GCL | ||
| 008 | 140319s9999 xx 000 0 ara d | ||
| 040 |
_aGCL / _cGCL |
||
| 082 | 0 | 4 |
_a813.0872 _bد ك |
| 100 | 1 | _aدار الراتب الجامعية | |
| 245 | 1 | 0 |
_aكنز اغرا المفقود / _cدار الراتب الجامعية |
| 260 |
_aبيروت : _bدار الراتب الجامعية ، _c1993 |
||
| 300 |
_a144 ؛ _c19 سم |
||
| 490 |
_aالروايات البوليسية الشيقة _v0 |
||
| 650 | 0 | 4 | _aالاطفال |
| 650 | 0 | 4 | _aالقصص البوليسية |
| 650 | 0 | 4 | _aقصص الاطفال |
| 942 |
_2ddc _cBK |
||
| 999 |
_c56554 _d56554 |
||